000 00609nam a2200181 4500
008 010814s1995 us engYA
020 _a0809135582
090 _aHQ734
_bM14s
100 1 _aMcDonald, PatrickJ.
245 1 0 _aSoulwork :
_ba workbook for couples /
_cby Patrick J. McDonald & Claudette M. McDonald.
260 _aNew York :
_bPaulist Press,
_cc1995.
300 _aiii, 77 p.
650 4 _aMarriage
_xReligious aspects
_xChristianity.
650 4 _aMarriage.
700 1 _aMcDonald, Claudette M.
951 _p23892
_x00014497
_oHQ734/M14s
_j070613110943937
_d2000-12-21
_cREF
999 _c2802
_d2802